|
|
|
|
| LEADER |
01369nam a22003617a 4500 |
| 001 |
35172 |
| 003 |
BD-DhAAL |
| 005 |
20230525141732.0 |
| 008 |
190828t2005 gw a bc 000 0deng d |
| 010 |
|
|
|a 2008384037
|
| 015 |
|
|
|a GBA501720
|2 bnb
|
| 016 |
7 |
|
|a 013075143
|2 Uk
|
| 035 |
|
|
|a (OCoLC)ocm57382205
|
| 040 |
|
|
|a UKM
|c UKM
|d BTCTA
|d DLC
|d BD-DhAAL
|
| 041 |
0 |
|
|a eng
|
| 042 |
|
|
|a lccopycat
|
| 050 |
0 |
0 |
|a NA1123.P47
|b A4 2005
|
| 082 |
0 |
4 |
|a 720.92
|2 22
|
| 100 |
1 |
|
|a Jodidio, Philip.
|9 33699
|
| 245 |
|
|
|a Piano :
|b Renzo Piano building workshop 1966-2005,
|n part-2 /
|c Philip Jodidio.
|
| 260 |
|
|
|a Köln ;
|a Los Angeles :
|b Taschen,
|c c2005.
|
| 300 |
|
|
|a 179-348 pages :
|b illustrations (some colors) ;
|c 30 cm.
|
| 504 |
|
|
|a Includes bibliographical references.
|
| 526 |
|
|
|a ARC
|
| 541 |
|
|
|a Complimentary copy from the department of Architecture
|e 35172
|
| 546 |
|
|
|a Text in English, French, and German.
|
| 600 |
1 |
0 |
|a Piano, Renzo
|x Criticism and interpretation.
|9 33700
|
| 650 |
|
|
|a Architecture, Modern
|y 20th century.
|9 33701
|
| 700 |
1 |
|
|a Piano, Renzo.
|9 33702
|
| 852 |
|
|
|a Department of Architecture
|c General Stacks
|
| 942 |
|
|
|2 ddc
|c BK
|
| 999 |
|
|
|c 41078
|d 41078
|
| 952 |
|
|
|0 0
|1 0
|2 ddc
|4 0
|6 720_920000000000000_JOD
|7 0
|9 66086
|a BRACUL
|b BRACUL
|c GEN
|d 2019-08-28
|l 0
|o 720.92 JOD
|p 3010035172
|r 2019-08-28
|t 1
|w 2019-08-28
|y BK
|x Transferred from ARC to BRACUL on 28/12/2023
|